Public relations worktext : a writing and planning resource /

Bibliographic Details
Main Author: Zappala, Joseph M.
Corporate Author: NetLibrary, Inc
Other Authors: Carden, Ann R., Simon, Raymond
Format: eBook
Language:English
Published: Mahwah, N.J. : Lawrence Erlbaum Associataes, 2004.
Edition:2nd ed.
Subjects:
Online Access:Connect to the full text of this electronic book

MARC

Tag First Indicator Second Indicator Subfields
LEADER 00000cam a2200000Ia 4500
001 in00002002247
005 20220105141740.0
006 m d
007 cr cnu---unuuu
008 040505s2004 njua sb 001 0 eng d
020 |a 1410610209 (electronic bk.) 
035 |a (OCoLC)ocm55083675 
040 |a N$T  |c N$T  |d OCLCQ  |d UtOrBLW 
049 |a IKMN 
050 1 4 |a HM1221  |b .Z37 2004eb 
082 0 4 |a 659.2  |2 22 
100 1 |a Zappala, Joseph M.  |0 http://id.loc.gov/authorities/names/no97018590 
245 1 0 |a Public relations worktext :  |b a writing and planning resource /  |c Joseph M. Zappala, Ann R. Carden. 
250 |a 2nd ed. 
264 1 |a Mahwah, N.J. :  |b Lawrence Erlbaum Associataes,  |c 2004. 
300 |a xv, 350 pages :  |b illustrations ;  |c 24 cm. 
336 |a text  |b txt  |2 rdacontent 
337 |a computer  |b c  |2 rdamedia 
338 |a online resource  |b cr  |2 rdacarrier 
500 |a Revised edition of: Public relations workbook / Raymond Simon, Joseph M. Zappala. c1998. 
504 |a Includes bibliographical references and indexes. 
533 |a Electronic reproduction.  |b Boulder, Colo. :  |c NetLibrary,  |d 2004.  |n Available via World Wide Web.  |n Access may be limited to NetLibrary affiliated libraries. 
500 |a Electronic resource. 
650 0 |a Public relations.  |0 http://id.loc.gov/authorities/subjects/sh85108753 
650 0 |a Business writing.  |0 http://id.loc.gov/authorities/subjects/sh86007835 
655 7 |a Electronic books.  |2 local 
700 1 |a Carden, Ann R.  |0 http://id.loc.gov/authorities/names/n2003114727 
700 1 |a Simon, Raymond.  |t Public relations workbook. 
710 2 |a NetLibrary, Inc.  |0 http://id.loc.gov/authorities/names/no99080690 
776 1 |c Original  |z 0805842632  |w (DLC) 2003023118  |w (OCoLC)53287728 
856 4 1 |u https://proxy.library.tamu.edu/login?url=http://www.netLibrary.com/urlapi.asp?action=summary&v=1&bookid=107421  |z Connect to the full text of this electronic book  |t 0 
994 |a 92  |b IKM 
999 |a MARS 
999 f f |s bdd359f5-9d63-3095-97b5-e205b450352a  |i cd572ae0-28c3-36bd-b192-0fe9009df169  |t 0 
952 f f |a Texas A&M University  |b College Station  |c Electronic Resources  |d Available Online  |t 0  |e HM1221 .Z37 2004eb  |h Library of Congress classification 
998 f f |a HM1221 .Z37 2004eb  |t 0  |l Available Online